Datum a čas kvízu
28.5
Celkem bodů
Celkový počet nahraných bodů na tomto kvízu bez doplňovacích otázek.
5.
Pořadí na kvízu
Konečné umístění týmu na tomto kvízu.
Zaznamenané odpovědi
| # | Otázka | Odpověď | Body | Výsledky |
|---|---|---|---|---|
| 1. | Minulé úterý jsme si mohli pov... | autismus, modrá barva | 0 | |
| 2. | Mezi Botswanou a jedním evrops... | o Německu | 1 | |
| 3. | V úterý začal vysílat v Česku... | Warner TV | 1 | |
| 4. | Minulý týden jsme se dozvěděli... | Portál občana | 0 | |
| 5. | Německý fotbalový svaz bude mu... | čísla 44 | 1 | |
| 6. | Zobrazený anglický lékař roku... | William Harvey | 0 | |
| 7. | Kterým slovem na M se označuje... | menarche/menarché | 0 | |
| 8. | Vyberte pravdivé tvrzení: | D | 0 | |
| 9. | Za půl bodu napište, jak se na... | Alexej; hemofilie | 0 | |
| 10. | Uveďte rodové jméno zvířete, p... | makak (makak rhesus) | 0 |